[Event "13. Lichtenberger Sommer"]
[Site "?"]
[Date "2014.08.18"]
[Round "3.34"]
[White "Kapp, Frank"]
[Black "Stets, Dmitry"]
[Result "0-1"]
[WhiteElo "1910"]
[BlackElo "2419"]
[PlyCount "86"]
[EventDate "2014.??.??"]
[WhiteTeam "TSV IFA Chemnitz"]
[BlackTeam "Schachfreunde Gerresheim 86 e.V."]

1. d4 g6 2. e4 Bg7 3. Nf3 c5 4. c3 cxd4 5. Nxd4 Nc6 6. Be3 Nf6 7. f3 O-O 8. Be2
d5 9. exd5 Nxd5 10. Nxc6 bxc6 11. Bd4 Bxd4 12. Qxd4 e5 13. Qd2 Be6 14. Na3 Nf4
15. Qxd8 Rfxd8 16. g3 Nd3+ 17. Bxd3 Rxd3 18. Ke2 Rad8 19. Rhd1 Rxd1 20. Rxd1
Rxd1 21. Kxd1 Bxa2 22. Ke2 Kf8 23. c4 Ke7 24. b4 Bb3 25. c5 Ke6 26. Nb1 Kd5 27.
Nd2 Bc2 28. Ke3 g5 29. f4 exf4+ 30. gxf4 f6 31. fxg5 fxg5 32. Nf3 h6 33. Nd4
Bg6 34. Nb3 Kc4 35. Na5+ Kb5 36. Kd4 Bf7 37. Ke5 Bd5 38. Kd6 h5 39. Kc7 g4 40.
Kb7 Kxb4 41. Ka6 h4 42. h3 gxh3 43. Nxc6+ Bxc6 0-1

[Event "13. Lichtenberger Sommer"]
[Site "?"]
[Date "2014.08.18"]
[Round "3.35"]
[White "Plump, Detlef"]
[Black "Getzuhn, Detlef"]
[Result "1-0"]
[WhiteElo "2228"]
[BlackElo "1896"]
[PlyCount "75"]
[EventDate "2014.??.??"]
[BlackTeam "SV Senat"]

1. e4 e6 2. d4 d5 3. Nc3 Bb4 4. e5 c5 5. a3 Bxc3+ 6. bxc3 Nc6 7. Nf3 Qa5 8. Bd2
Qa4 9. Qb1 a6 10. Qb3 Qxb3 11. cxb3 cxd4 12. cxd4 Nge7 13. Bd3 O-O 14. O-O f6
15. exf6 gxf6 16. Rfe1 Ng6 17. h4 Bd7 18. h5 Nh8 19. b4 b5 20. Rac1 Nf7 21. Rc5
Nfd8 22. Rec1 Rc8 23. a4 Nb7 24. R5c2 Nd6 25. axb5 Nxb5 26. Rc5 Ncxd4 27. Nxd4
Nxd4 28. Bxa6 Rxc5 29. Rxc5 Nb3 30. Rc7 Be8 31. Bh6 Rf7 32. Rc8 Re7 33. b5 Kf7
34. b6 Na5 35. Rc7 Bc6 36. Bd2 Bb7 37. Bxb7 Nxb7 38. Bb4 1-0

[Event "13. Lichtenberger Sommer"]
[Site "?"]
[Date "2014.08.18"]
[Round "3.36"]
[White "Kapp, Martin"]
[Black "Windolf, Mario"]
[Result "1-0"]
[WhiteElo "2201"]
[BlackElo "1772"]
[PlyCount "95"]
[EventDate "2014.??.??"]
[WhiteTeam "Schachverein Erzgebirge Stollber"]
[BlackTeam "1. Schachclub Anhalt"]

1. d4 d6 2. Nf3 g6 3. c4 Bg7 4. Nc3 Nf6 5. e4 O-O 6. Be2 c5 7. d5 a6 8. O-O Qc7
9. a4 b6 10. a5 Nbd7 11. Nd2 e6 12. Nb3 exd5 13. axb6 Qxb6 14. cxd5 Re8 15. Nd2
Ne5 16. Kh1 Bd7 17. f4 Neg4 18. Nc4 Qc7 19. e5 dxe5 20. h3 Nh5 21. hxg4 Ng3+
22. Kh2 Nxf1+ 23. Qxf1 Qd8 24. fxe5 Qh4+ 25. Kg1 Rxe5 26. Qf2 Qxf2+ 27. Kxf2
Re7 28. Be3 Bd4 29. Rd1 Bxe3+ 30. Nxe3 Rae8 31. Nc4 Rb8 32. d6 Ree8 33. Rd5 Be6
34. Rxc5 Bxc4 35. Rxc4 Rbd8 36. Ne4 Kg7 37. g5 h6 38. gxh6+ Kxh6 39. g4 f5 40.
g5+ Kg7 41. Nf6 Re6 42. Rc7+ Kf8 43. Bc4 Rdxd6 44. Rc8+ Kf7 45. Re8 a5 46. Kf3
a4 47. Rxe6 Rxe6 48. Ng8 1-0

[Event "13. Lichtenberger Sommer"]
[Site "?"]
[Date "2014.08.18"]
[Round "3.38"]
[White "Schäfer, Heiko"]
[Black "Küchler, Felix"]
[Result "1-0"]
[WhiteElo "2064"]
[BlackElo "1735"]
[PlyCount "93"]
[EventDate "2014.??.??"]
[WhiteTeam "Potsdamer SV Mitte e.V."]
[BlackTeam "Schachunion Berlin e.V."]

1. Nf3 Nf6 2. c4 d6 3. d4 g6 4. Nc3 Bg7 5. Bg5 O-O 6. e3 Bf5 7. Be2 Nbd7 8. Nd2
c5 9. g4 cxd4 10. exd4 Qb6 11. gxf5 Qxb2 12. Qc1 Qb6 13. Nf3 gxf5 14. Rg1 Kh8
15. Rb1 Qc7 16. Bh6 Rg8 17. Rxg7 Rxg7 18. Bxg7+ Kxg7 19. Qg5+ Kh8 20. Qxf5 e6
21. Qf4 Rg8 22. Ng5 Rg7 23. Kd2 e5 24. dxe5 dxe5 25. Qf5 Qd6+ 26. Kc2 b6 27.
Rd1 Qc6 28. Nge4 Nxe4 29. Rxd7 Nxc3 30. Rd8+ Rg8 31. Qxe5+ f6 32. Rxg8+ Kxg8
33. Qxc3 Qe4+ 34. Qd3 Qf4 35. Bf3 Qxh2 36. Qd8+ Kg7 37. Qe7+ Kg6 38. Be4+ f5
39. Qe6+ Kg7 40. Qxf5 Qh4 41. Qe5+ Kh6 42. Qd6+ Kg7 43. Qc7+ Kf8 44. Qb8+ Kg7
45. Qxa7+ Kf8 46. Qb8+ Kg7 47. Qg3+ 1-0

[Event "13. Lichtenberger Sommer"]
[Site "?"]
[Date "2014.08.18"]
[Round "3.39"]
[White "Bergmann, Jens"]
[Black "Tscheuschner, Georg"]
[Result "0-1"]
[WhiteElo "1896"]
[BlackElo "1967"]
[PlyCount "90"]
[EventDate "2014.??.??"]
[WhiteTeam "SK Tempelhof 1931 e.V."]
[BlackTeam "SV Mattnetz Berlin e.V."]

1. e4 c5 2. Nf3 d6 3. g3 g6 4. Bg2 Nc6 5. O-O Nf6 6. d3 Bg7 7. Re1 e5 8. c4 O-O
9. Nc3 Ne8 10. a3 a5 11. Rb1 Nc7 12. Bd2 f5 13. Bg5 Bf6 14. Bh6 Bg7 15. Bg5 Qe8
16. Qd2 Ne6 17. Bh6 f4 18. Bxg7 Kxg7 19. Nd5 Qd8 20. Nh4 Ned4 21. Qd1 g5 22.
Nf3 g4 23. Nh4 f3 24. Bf1 a4 25. Qd2 Nb3 26. Qc3 Ncd4 27. Red1 Be6 28. Ne3 Rf6
29. Qe1 Rh6 30. Nhf5+ Bxf5 31. exf5 Qg5 32. f6+ Rxf6 33. Nd5 Rf7 34. h3 gxh3
35. Kh2 Ne2 36. Bxh3 Qh6 37. Ne3 Kh8 38. Qh1 Rg8 39. Re1 Nbd4 40. Rbd1 Rg5 41.
Qf1 Rfg7 42. Nd5 Rh5 43. Ne3 Rgg5 44. g4 Rh4 45. Rd2 Nf4 0-1

[Event "13. Lichtenberger Sommer"]
[Site "?"]
[Date "2014.08.18"]
[Round "3.40"]
[White "Geldner, Gerrit"]
[Black "Schulz, Hartmut"]
[Result "1/2-1/2"]
[WhiteElo "1713"]
[BlackElo "2106"]
[PlyCount "35"]
[EventDate "2014.??.??"]
[WhiteTeam "Schachunion Berlin e.V."]
[BlackTeam "SC Rotation Pankow e.V."]

1. c4 c6 2. d4 d5 3. cxd5 cxd5 4. Nc3 Nf6 5. Nf3 Nc6 6. Bf4 Bf5 7. e3 e6 8. Bd3
Bxd3 9. Qxd3 Be7 10. O-O O-O 11. Ne5 Nxe5 12. Bxe5 Nd7 13. Bg3 Qb6 14. Qb5 Qxb5
15. Nxb5 a6 16. Nd6 Bxd6 17. Bxd6 Rfc8 18. Rfc1 1/2-1/2

[Event "13. Lichtenberger Sommer"]
[Site "?"]
[Date "2014.08.18"]
[Round "3.41"]
[White "Hirstel, Serge"]
[Black "Kapr, Klaus"]
[Result "1/2-1/2"]
[WhiteElo "1910"]
[BlackElo "2069"]
[PlyCount "33"]
[EventDate "2014.??.??"]
[WhiteTeam "Hipsheim"]
[BlackTeam "SC Friesen Lichtenberg e.V."]

1. e4 d5 2. exd5 Qxd5 3. Nc3 Qd6 4. Nf3 Nf6 5. Bc4 a6 6. O-O b5 7. Bb3 Bb7 8.
d3 e6 9. Bg5 Be7 10. Re1 Nbd7 11. Qe2 O-O 12. Rad1 Rfe8 13. a3 Rad8 14. Ne4 Qb6
15. Nxf6+ Bxf6 16. Bxf6 Nxf6 17. Ne5 1/2-1/2

[Event "13. Lichtenberger Sommer"]
[Site "?"]
[Date "2014.08.18"]
[Round "3.42"]
[White "Schmalzried, Volker"]
[Black "Issel, Oliver"]
[Result "0-1"]
[WhiteElo "1875"]
[BlackElo "2071"]
[PlyCount "92"]
[EventDate "2014.??.??"]

1. c4 e6 2. Nc3 b6 3. Nf3 Bb7 4. g3 g6 5. Bg2 Bg7 6. O-O d6 7. d4 a6 8. e4 Nd7
9. Re1 Ne7 10. Bg5 h6 11. Be3 c5 12. Qd2 Qc7 13. b3 Nf6 14. e5 dxe5 15. dxe5
Nd7 16. Rad1 O-O-O 17. Qd6 Qxd6 18. exd6 Bxc3 19. dxe7 Rde8 20. Re2 Rxe7 21.
Bf4 e5 22. Rd3 Bxf3 23. Bxf3 Bd4 24. Bc6 f6 25. b4 Rhh7 26. Bd2 Kc7 27. b5 axb5
28. Bxb5 Nb8 29. a4 Nc6 30. Ra3 Kd6 31. Kg2 g5 32. a5 bxa5 33. Bxc6 Kxc6 34.
Rxa5 Ra7 35. h4 Rhb7 36. hxg5 hxg5 37. Kf3 Rxa5 38. Bxa5 f5 39. g4 Rb3+ 40. Kg2
f4 41. Rc2 Kd7 42. Be1 Ra3 43. Bd2 e4 44. Bc1 Rd3 45. Bd2 Ke6 46. Bc1 Ke5 0-1

[Event "13. Lichtenberger Sommer"]
[Site "?"]
[Date "2014.08.18"]
[Round "3.43"]
[White "Kupfer, Michael"]
[Black "Guasti, Duccio"]
[Result "1-0"]
[WhiteElo "2059"]
[BlackElo "1754"]
[PlyCount "27"]
[EventDate "2014.??.??"]
[WhiteTeam "SC Friesen Lichtenberg e.V."]
[BlackTeam "BSC Rehberge 1945 e.V."]

1. e4 c5 2. a3 Nf6 3. e5 Nd5 4. Nc3 Nxc3 5. dxc3 e6 6. Nf3 Be7 7. h4 O-O 8. Bd3
g6 9. Ng5 Qc7 10. Bf4 f6 11. Nxh7 Kxh7 12. Qh5+ Kg8 13. Qxg6+ Kh8 14. Qh7# 1-0

[Event "13. Lichtenberger Sommer"]
[Site "?"]
[Date "2014.08.18"]
[Round "3.44"]
[White "Wimmer, Thomas"]
[Black "Kornrumpf, Joachim"]
[Result "0-1"]
[WhiteElo "1881"]
[BlackElo "2061"]
[PlyCount "62"]
[EventDate "2014.??.??"]
[WhiteTeam "SK Marburg 1931/72"]
[BlackTeam "Preetzer TSV"]

1. e4 c5 2. Nf3 e6 3. d4 cxd4 4. Nxd4 a6 5. Bd3 Nf6 6. O-O Qc7 7. Nd2 Be7 8. f4
d6 9. Qe2 Nbd7 10. N2f3 Nc5 11. Kh1 e5 12. Nb3 Nxd3 13. cxd3 Be6 14. Be3 exf4
15. Rac1 Qd7 16. Bxf4 O-O 17. Nbd4 Rac8 18. Rce1 Bg4 19. h3 Bh5 20. Qf2 Bg6 21.
Nh4 Nh5 22. Bh2 Bxh4 23. Qxh4 Rfe8 24. Rf5 Nf6 25. Ref1 Qe7 26. R5f2 d5 27. Nf5
Bxf5 28. Rxf5 dxe4 29. Be5 Nd7 30. Rxf7 Qxh4 31. Rxg7+ Kh8 0-1

[Event "13. Lichtenberger Sommer"]
[Site "?"]
[Date "2014.08.18"]
[Round "3.45"]
[White "Müller, Johannes"]
[Black "Witte, Ronald"]
[Result "0-1"]
[WhiteElo "1845"]
[BlackElo "2052"]
[PlyCount "92"]
[EventDate "2014.??.??"]
[WhiteTeam "SC Eintracht Berlin e.V."]
[BlackTeam "BSV 63 Chemie Weißensee"]

1. e4 c5 2. Nc3 Nc6 3. g3 g6 4. Bg2 Bg7 5. Nge2 d6 6. O-O e6 7. d3 Nge7 8. Nf4
Rb8 9. a4 a6 10. Bd2 b5 11. axb5 axb5 12. Qc1 b4 13. Nce2 O-O 14. h4 e5 15. Nh3
Nd4 16. Nxd4 cxd4 17. f4 Qb6 18. b3 Bd7 19. h5 Ra8 20. Rxa8 Rxa8 21. f5 f6 22.
hxg6 hxg6 23. fxg6 Nxg6 24. Bh6 Qc7 25. Bxg7 Kxg7 26. Qd1 Rf8 27. Qd2 Qc8 28.
Nf2 Qc5 29. Ra1 Rc8 30. Ra6 Nf8 31. g4 Ne6 32. Nh3 Kg6 33. Qf2 Ng5 34. Qh4
Nxh3+ 35. Qxh3 Qxc2 36. Rxd6 Qd1+ 37. Bf1 Qxg4+ 38. Qxg4+ Bxg4 39. Rb6 Bd1 40.
Rxb4 Rc3 41. Rc4 Bxb3 42. Rb4 Bc2 43. Bh3 Rxd3 44. Bf5+ Kg5 45. Rb8 Kf4 46. Rh8
Rd1+ 0-1

[Event "13. Lichtenberger Sommer"]
[Site "?"]
[Date "2014.08.18"]
[Round "3.46"]
[White "Schulz, Wolfgang"]
[Black "Roth, Joachim"]
[Result "1/2-1/2"]
[WhiteElo "2074"]
[BlackElo "1930"]
[PlyCount "87"]
[EventDate "2014.??.??"]
[WhiteTeam "Hamburger SK von 1830 eV"]
[BlackTeam "SG Bund"]

1. e4 Nf6 2. d3 e5 3. Nf3 Nc6 4. g3 d5 5. Nbd2 Bc5 6. Bg2 O-O 7. O-O Bg4 8. h3
Bh5 9. Re1 Re8 10. c3 dxe4 11. dxe4 Bb6 12. Qc2 Qd7 13. g4 Bg6 14. Nh4 Rad8 15.
Nc4 Qd3 16. Qxd3 Rxd3 17. Nxb6 axb6 18. Bf1 Rd6 19. Nf5 Bxf5 20. exf5 Nd7 21.
f4 Nc5 22. b4 Nd3 23. Bxd3 Rxd3 24. b5 Na5 25. fxe5 Nc4 26. Bf4 c6 27. Rad1
Rxc3 28. Rc1 Rxc1 29. Rxc1 cxb5 30. a4 Na3 31. axb5 Nxb5 32. Kf2 h6 33. Ke3 Na3
34. Rc3 Nb5 35. Rb3 Nd6 36. Kd3 Nc8 37. Rc3 Ne7 38. Ke4 Nc6 39. Kd5 Rd8+ 40.
Ke4 b5 41. Rc5 b4 42. Rb5 Rd4+ 43. Ke3 Rd7 44. Ke4 1/2-1/2

[Event "13. Lichtenberger Sommer"]
[Site "?"]
[Date "2014.08.18"]
[Round "3.47"]
[White "Huebner, Alan-Ari"]
[Black "Oswald, Michael"]
[Result "0-1"]
[WhiteElo "1785"]
[BlackElo "2129"]
[PlyCount "96"]
[EventDate "2014.??.??"]
[WhiteTeam "vereinslos"]
[BlackTeam "1. Schachclub Anhalt"]

1. d4 f5 2. c4 e6 3. Nf3 b6 4. Bf4 Nf6 5. Nc3 Bb4 6. Bd2 Bxc3 7. Bxc3 Bb7 8. e3
O-O 9. Bd3 d6 10. O-O Qe8 11. Nd2 Nbd7 12. f3 Qg6 13. Qe2 Rae8 14. e4 fxe4 15.
Nxe4 Nxe4 16. Bxe4 Bxe4 17. Qxe4 Qxe4 18. fxe4 e5 19. Rxf8+ Kxf8 20. Rf1+ Kg8
21. dxe5 Nxe5 22. Bxe5 Rxe5 23. Re1 Kf7 24. Kf2 Rg5 25. Kf3 Ke6 26. Rd1 Rc5 27.
b3 c6 28. Ke3 Rh5 29. h3 Rg5 30. Kf3 Ke5 31. g3 Rg6 32. a3 Rh6 33. h4 Rf6+ 34.
Ke3 h5 35. Re1 a6 36. Rd1 Rg6 37. Kf3 Rg4 38. Re1 a5 39. a4 Kf6 40. Rd1 Ke6 41.
Rd2 Ke5 42. Re2 Rg6 43. Re1 Kd4 44. Re2 Rf6+ 45. Kg2 Kd3 46. Re1 Kd2 47. e5 Re6
48. Rf1 dxe5 0-1

[Event "13. Lichtenberger Sommer"]
[Site "?"]
[Date "2014.08.18"]
[Round "3.48"]
[White "Pluska, Alexander"]
[Black "Lübke, Thomas"]
[Result "1-0"]
[WhiteElo "1899"]
[BlackElo "1936"]
[PlyCount "65"]
[EventDate "2014.??.??"]
[WhiteTeam "SK Doppelbauer Kiel"]
[BlackTeam "FVS ASP Hoyerswerda"]

1. d4 Nf6 2. c4 e6 3. Bg5 Be7 4. Nc3 d5 5. cxd5 Nxd5 6. Bxe7 Qxe7 7. e4 Nxc3 8.
bxc3 O-O 9. f4 c5 10. Nf3 cxd4 11. cxd4 Nc6 12. Qd2 b6 13. Bb5 Bb7 14. O-O Qb4
15. Bxc6 Qxd2 16. Nxd2 Bxc6 17. Kf2 Rac8 18. Rfc1 Rfd8 19. Ke3 f5 20. Rc3 Bxe4
21. Nxe4 fxe4 22. Rac1 Rxc3+ 23. Rxc3 Rd7 24. Kxe4 Kf7 25. g4 h6 26. h4 Kf6 27.
Rc6 Kf7 28. h5 Ke7 29. f5 exf5+ 30. gxf5 Rd6 31. Rc2 Kf6 32. Rg2 a6 33. Rg6+
1-0

[Event "13. Lichtenberger Sommer"]
[Site "?"]
[Date "2014.08.18"]
[Round "3.49"]
[White "Westphal, Julian"]
[Black "Mai, Andreas"]
[Result "0-1"]
[WhiteElo "1734"]
[BlackElo "1998"]
[PlyCount "56"]
[EventDate "2014.??.??"]
[WhiteTeam "TSG Oberschöneweide e.V."]
[BlackTeam "SC Friesen Lichtenberg e.V."]

1. d4 Nf6 2. c4 g6 3. Nc3 Bg7 4. e4 d6 5. Nge2 O-O 6. Ng3 Nc6 7. Be2 e5 8. d5
Nd4 9. h4 Nxe2 10. Qxe2 h5 11. Bg5 a6 12. O-O Qe8 13. f3 Bd7 14. b4 Nh7 15. Qd2
Nxg5 16. hxg5 Qe7 17. Nge2 f6 18. gxf6 Bxf6 19. Nc1 Bg5 20. Qe2 Rf7 21. Nd3
Raf8 22. Rab1 Bh4 23. b5 Bg3 24. Nf2 Qh4 25. Rfc1 Bg4 26. Ncd1 Bxf3 27. gxf3
Qh2+ 28. Kf1 Rxf3 0-1

[Event "13. Lichtenberger Sommer"]
[Site "?"]
[Date "2014.08.18"]
[Round "3.50"]
[White "Kornath, Heinrich"]
[Black "Richter, Götz"]
[Result "0-1"]
[WhiteElo "1848"]
[BlackElo "2028"]
[PlyCount "54"]
[EventDate "2014.??.??"]
[WhiteTeam "SG Eckturm"]
[BlackTeam "Klub Kölner Schachfreunde e.V. 1"]

1. e4 c5 2. Nf3 Nc6 3. d4 cxd4 4. Nxd4 e6 5. Nc3 d6 6. Be2 Nf6 7. Be3 Be7 8.
O-O O-O 9. f4 Bd7 10. Kh1 Nxd4 11. Bxd4 Bc6 12. Bd3 Qa5 13. e5 Nd7 14. exd6
Bxd6 15. Qg4 g6 16. Rae1 Rfe8 17. Qh3 e5 18. fxe5 Nxe5 19. Re3 f5 20. Bxf5 gxf5
21. Rxf5 Qc7 22. Rg3+ Kh8 23. Qh6 Qe7 24. Rg6 Rf8 25. Rxf8+ Rxf8 26. Rxd6 Rf1+
27. Bg1 Ng4 0-1

[Event "13. Lichtenberger Sommer"]
[Site "?"]
[Date "2014.08.18"]
[Round "3.51"]
[White "Poseck, Steffen"]
[Black "Fuchs, Gabriele"]
[Result "1-0"]
[WhiteElo "2019"]
[BlackElo "1708"]
[PlyCount "119"]
[EventDate "2014.??.??"]
[WhiteTeam "BSV 63 Chemie Weißensee"]
[BlackTeam "SF Kraichtal"]

1. d4 d5 2. Nf3 Nf6 3. e3 e6 4. Bd3 Nbd7 5. O-O c5 6. b3 Be7 7. Nbd2 O-O 8. Bb2
Qc7 9. Ne5 a6 10. a4 Re8 11. f4 Nf8 12. Ndf3 Ne4 13. Nd2 Nxd2 14. Qxd2 f6 15.
Nf3 c4 16. bxc4 dxc4 17. Be2 Bd7 18. Qc3 Rac8 19. a5 Bb5 20. Nd2 Red8 21. Ne4
f5 22. Nc5 Bf6 23. Na4 Nd7 24. Rfd1 b6 25. axb6 Nxb6 26. Nxb6 Qxb6 27. Ba3 Qb7
28. Bf3 Qa7 29. Bb4 Re8 30. Bd6 g6 31. Qb4 Be7 32. c3 Qd7 33. Bxe7 Qxe7 34. Qa5
g5 35. g3 g4 36. Bg2 h5 37. e4 h4 38. Re1 h3 39. Bh1 Bc6 40. Qxa6 Bb7 41. Qb6
Ra8 42. Kf2 fxe4 43. Ke3 Bd5 44. Reb1 Ra3 45. Rxa3 Qxa3 46. Qb2 Ra8 47. Bxe4
Qxb2 48. Rxb2 Ra3 49. Rc2 Ra1 50. Bxd5 exd5 51. f5 Rf1 52. Rf2 Re1+ 53. Kf4
Re4+ 54. Kg5 Re3 55. Rc2 Re4 56. f6 Kf7 57. Ra2 Re8 58. Ra7+ Kf8 59. Kg6 Rd8
60. Rh7 1-0

[Event "13. Lichtenberger Sommer"]
[Site "?"]
[Date "2014.08.18"]
[Round "3.52"]
[White "Sabrowski, Uwe"]
[Black "Korell, Klaus-Peter"]
[Result "1-0"]
[WhiteElo "2097"]
[BlackElo "1901"]
[PlyCount "65"]
[EventDate "2014.??.??"]
[WhiteTeam "SC Friesen Lichtenberg e.V."]
[BlackTeam "SG TT/Wiheil"]

1. d4 d5 2. Nf3 Nf6 3. c4 e6 4. Bg5 Be7 5. Nc3 O-O 6. e3 Nbd7 7. Rc1 c6 8. cxd5
Nxd5 9. Bxe7 Qxe7 10. Bd3 Nxc3 11. Rxc3 e5 12. dxe5 Nxe5 13. Nxe5 Qxe5 14. Qc2
g6 15. h4 Be6 16. h5 Rad8 17. hxg6 hxg6 18. Bxg6 f5 19. Bh5 Rd7 20. Be2 Rff7
21. Bc4 Rh7 22. Bxe6+ Qxe6 23. Rxh7 Rxh7 24. Qb3 Qxb3 25. Rxb3 b6 26. Rd3 Rf7
27. Ke2 c5 28. Kf3 Kg7 29. Kf4 Kg6 30. Rd6+ Rf6 31. Rxf6+ Kxf6 32. e4 fxe4 33.
Kxe4 1-0

[Event "13. Lichtenberger Sommer"]
[Site "?"]
[Date "2014.08.18"]
[Round "3.53"]
[White "Bandsom, Olaf"]
[Black "Kievelitz, Bernd"]
[Result "0-1"]
[WhiteElo "1812"]
[BlackElo "1998"]
[PlyCount "56"]
[EventDate "2014.??.??"]
[WhiteTeam "SC Friesen Lichtenberg e.V."]
[BlackTeam "SC Zitadelle Spandau 1977 e.V."]

1. e4 c5 2. Nf3 e6 3. d4 cxd4 4. Nxd4 a6 5. Be2 Nf6 6. Nc3 Qc7 7. a3 Be7 8. O-O
d6 9. Be3 Nbd7 10. f4 b5 11. Bf3 Bb7 12. Nde2 h5 13. b4 Nb6 14. Kh1 Nc4 15. Bc1
Ng4 16. Qd3 Bf6 17. e5 dxe5 18. Bxb7 Qxb7 19. Ne4 Rd8 20. Qf3 Qb6 21. fxe5
Ncxe5 22. Nxf6+ gxf6 23. Qf4 Rd1 24. Bb2 Nf2+ 25. Qxf2 Qxf2 26. Raxd1 Qxe2 27.
Rfe1 Qg4 28. Rd4 Qf5 0-1

[Event "13. Lichtenberger Sommer"]
[Site "?"]
[Date "2014.08.18"]
[Round "3.54"]
[White "Lieder, Günter"]
[Black "Sappok, Marius"]
[Result "0-1"]
[WhiteElo "1864"]
[BlackElo "2003"]
[PlyCount "62"]
[EventDate "2014.??.??"]
[WhiteTeam "SK Turm Bad Hersfeld"]
[BlackTeam "SC Zugzwang 95 e.V."]

1. c4 Nf6 2. Nc3 d5 3. cxd5 Nxd5 4. Nf3 g6 5. g3 Bg7 6. Bg2 O-O 7. O-O Nxc3 8.
bxc3 Nc6 9. a4 e5 10. Ne1 Bf5 11. Nc2 Rb8 12. e4 Be6 13. Ne3 Na5 14. d3 Nb3 15.
Rb1 Nxc1 16. Rxc1 c6 17. Qc2 Qa5 18. Kh1 Rfd8 19. Rfe1 Bh6 20. Rb1 Rd7 21. Bf1
Rbd8 22. Kg2 f5 23. f3 Qc5 24. Nd1 fxe4 25. fxe4 Rf8 26. Qe2 Rdf7 27. Ra1 Bg5
28. h4 Bh6 29. Qc2 Bg4 30. Be2 Rf2+ 31. Kh1 Bf3+ 0-1

[Event "13. Lichtenberger Sommer"]
[Site "?"]
[Date "2014.08.18"]
[Round "3.55"]
[White "Strowig, Justin"]
[Black "Reiche, Henry"]
[Result "1-0"]
[WhiteElo "1855"]
[BlackElo "1992"]
[PlyCount "87"]
[EventDate "2014.??.??"]
[WhiteTeam "SV Mattnetz Berlin e.V."]
[BlackTeam "SC Zugzwang 95 e.V."]

1. e4 d5 2. exd5 Qxd5 3. Nf3 c6 4. d4 Bf5 5. c4 Qa5+ 6. Nc3 h6 7. Be2 e6 8. O-O
Nf6 9. a3 Be7 10. b4 Qd8 11. Qb3 O-O 12. Rd1 Ne4 13. Nxe4 Bxe4 14. Qe3 Bh7 15.
Ra2 Na6 16. Qb3 Nc7 17. Bf4 Be4 18. Rad2 Ne8 19. a4 Nf6 20. b5 Qb6 21. Ne5 Rad8
22. c5 Qa5 23. Nc4 Bd5 24. Nxa5 Bxb3 25. Nxb3 Nd5 26. Be3 Nc3 27. Ra1 Bf6 28.
Rc2 Nd5 29. Rb1 Nb4 30. Rd2 Nd5 31. Na5 Nc3 32. Rc1 Nxe2+ 33. Rxe2 Bxd4 34.
bxc6 Bxe3 35. fxe3 bxc6 36. Nxc6 Rd7 37. Kf2 Rc8 38. Na5 Rd5 39. Rec2 h5 40.
Nb3 Kf8 41. c6 Ke7 42. c7 g5 43. Nd4 a5 44. Nc6+ 1-0

[Event "13. Lichtenberger Sommer"]
[Site "?"]
[Date "2014.08.18"]
[Round "3.56"]
[White "Schilly, Hans-Joachim"]
[Black "Keusch, Horst"]
[Result "1-0"]
[WhiteElo "1804"]
[BlackElo "2021"]
[PlyCount "111"]
[EventDate "2014.??.??"]
[WhiteTeam "SF Siemensstadt"]
[BlackTeam "SC Friesen Lichtenberg e.V."]

1. c4 c5 2. Nc3 Nc6 3. Nf3 g6 4. g3 Bg7 5. Bg2 e5 6. O-O Nge7 7. Rb1 O-O 8. a3
a5 9. d3 d6 10. Nd5 Be6 11. Ng5 Bd7 12. Bd2 f6 13. Nxe7+ Nxe7 14. Ne4 Bc6 15.
b4 axb4 16. axb4 f5 17. Nc3 Bxg2 18. Kxg2 b6 19. Bg5 Qd7 20. Bxe7 Qxe7 21. Nd5
Qd8 22. Qb3 f4 23. bxc5 bxc5 24. Qb6 Qd7 25. Qc7 Qxc7 26. Nxc7 Ra2 27. Ne6 Re8
28. Nxg7 Kxg7 29. Rb7+ Kh6 30. Kf3 e4+ 31. dxe4 fxg3 32. hxg3 Kg5 33. Rf7 Rc2
34. Rd1 Re6 35. Rxh7 Rxc4 36. Rh4 Rc2 37. Rd5+ Kf6 38. Rf4+ Ke7 39. Rd3 Ra2 40.
Rb3 Ra7 41. Rh4 Kf6 42. Rf4+ Ke5 43. Rd3 Ree7 44. Rd5+ Ke6 45. Kg4 Rh7 46. Rf8
Rac7 47. Kf4 Ke7 48. Rg8 c4 49. Rd2 c3 50. Rc2 Ke6 51. Ke3 Rc4 52. Re8+ Kf6 53.
Kd3 Rhc7 54. Rb8 d5 55. Rb6+ Ke5 56. f4# 1-0

[Event "13. Lichtenberger Sommer"]
[Site "?"]
[Date "2014.08.18"]
[Round "3.57"]
[White "Hörmann, David"]
[Black "Krüger, Ekkehard"]
[Result "0-1"]
[WhiteElo "1983"]
[BlackElo "1798"]
[PlyCount "112"]
[EventDate "2014.??.??"]
[WhiteTeam "SC Weisse Dame e.V."]
[BlackTeam "SG Narva Berlin e.V."]

1. e4 e5 2. Nf3 Nc6 3. Bc4 Be7 4. c3 Nf6 5. d3 d6 6. O-O Na5 7. Bb5+ c6 8. Ba4
b5 9. Bc2 c5 10. Qe2 a6 11. Nbd2 O-O 12. Re1 Qc7 13. Nf1 Bd7 14. Ng3 Qc8 15. d4
Nc6 16. dxc5 dxc5 17. Nf5 Re8 18. Nxe7+ Rxe7 19. Bg5 Re6 20. Red1 Qc7 21. a4
Rb8 22. axb5 axb5 23. Qe3 Ne7 24. b4 cxb4 25. Ra7 Rb7 26. Rxb7 Qxb7 27. Bb3 Rc6
28. cxb4 Ng6 29. Qd3 Rc7 30. Bxf6 gxf6 31. g3 Kg7 32. Kg2 Qc8 33. h4 Rc3 34.
Qb1 Bh3+ 35. Kh2 Rxf3 36. Qa2 Bg4 37. Rd2 Be6 38. Bd5 Ne7 39. Kg2 Rc3 40. Qa7
Rc7 41. Qb6 Bxd5 42. exd5 Rb7 43. Qc5 Qd7 44. Qe3 Nf5 45. Qe4 Nd4 46. f4 Qd6
47. h5 h6 48. fxe5 fxe5 49. Qg4+ Kh7 50. Rxd4 exd4 51. Qf5+ Kg7 52. Qg4+ Kf6
53. Qxd4+ Qe5 54. Qh4+ Kg7 55. Qd8 Qe2+ 56. Kg1 Ra7 0-1

[Event "13. Lichtenberger Sommer"]
[Site "?"]
[Date "2014.08.18"]
[Round "3.58"]
[White "Schmidt, David"]
[Black "Ziems, Michael"]
[Result "1/2-1/2"]
[WhiteElo "1981"]
[BlackElo "1809"]
[PlyCount "147"]
[EventDate "2014.??.??"]
[WhiteTeam "Doppelbauer Woltersdorf"]
[BlackTeam "SV Empor Berlin e.V."]

1. d4 d5 2. Nf3 Nf6 3. g3 g6 4. Bg2 Bg7 5. O-O O-O 6. Be3 Ng4 7. Bf4 c6 8. h3
Nf6 9. Qc1 Qb6 10. Rd1 Re8 11. Ne5 Ne4 12. Be3 f6 13. Nd3 f5 14. Nf4 Na6 15. c4
e6 16. Nc3 Bd7 17. c5 Qd8 18. Nd3 Nc7 19. Kh2 e5 20. dxe5 Ne6 21. Nf4 Bxe5 22.
Nxe6 Rxe6 23. Nxe4 fxe4 24. Bd4 Qf6 25. Qc3 Rf8 26. Bxe5 Rxe5 27. Rf1 Qe6 28.
Qe3 Ref5 29. Kg1 Qe5 30. Rab1 Rh5 31. h4 Bg4 32. b4 a6 33. a4 Bd7 34. Rbd1 g5
35. hxg5 Rf7 36. f4 Qf5 37. Rf2 Qg4 38. Bf1 h6 39. gxh6 Rf6 40. Rh2 Rfxh6 41.
Rxh5 Qxh5 42. Bg2 Bh3 43. Qf2 Bg4 44. Rd2 Qh2+ 45. Kf1 Re6 46. e3 Rg6 47. Rd4
Bh3 48. Bxh3 Qxh3+ 49. Qg2 Rxg3 50. Qxh3 Rxh3 51. Kf2 Rh2+ 52. Ke1 Rb2 53. a5
Kf7 54. Rd2 Rxb4 55. Kf2 Rb5 56. Rc2 Rxa5 57. Kg3 Rb5 58. Kg4 Rb3 59. Kf5 b5
60. Rh2 Rc3 61. Rh7+ Kg8 62. Ra7 Rxc5 63. Kf6 d4 64. f5 d3 65. Kg6 Rxf5 66.
Kxf5 c5 67. Kxe4 c4 68. Rxa6 d2 69. Ra1 b4 70. Kd4 c3 71. Kd3 Kf7 72. Kc2 Ke6
73. Rd1 Ke5 74. Rxd2 1/2-1/2

[Event "13. Lichtenberger Sommer"]
[Site "?"]
[Date "2014.08.18"]
[Round "3.59"]
[White "Stiemerling, Andreas"]
[Black "Meyer-Dunker, Paul"]
[Result "0-1"]
[WhiteElo "1699"]
[BlackElo "1912"]
[PlyCount "132"]
[EventDate "2014.??.??"]
[WhiteTeam "SSV Rotation Berlin e.V."]
[BlackTeam "SC Friesen Lichtenberg e.V."]

1. c4 e6 2. d4 d5 3. cxd5 exd5 4. Nc3 Nf6 5. g3 Bf5 6. Bg2 c6 7. Nf3 Nbd7 8.
O-O Bd6 9. Nh4 Bg6 10. Re1 O-O 11. Qb3 Qb6 12. Qxb6 axb6 13. Nxg6 hxg6 14. Bd2
b5 15. b3 Rfe8 16. Rac1 Bb4 17. Rc2 Ra3 18. Rb1 Ra6 19. a4 bxa4 20. bxa4 Bxc3
21. Bxc3 b6 22. Ra1 Rea8 23. Rca2 c5 24. e3 Ne4 25. Be1 Ndf6 26. f3 Nd6 27. g4
g5 28. h4 gxh4 29. Bxh4 cxd4 30. exd4 Nc4 31. f4 Ne4 32. Be1 Ne3 33. Bf3 b5 34.
a5 Rc8 35. Be2 Nd6 36. Bd3 Nxg4 37. Rg2 Nf6 38. Bb4 Nc4 39. Rh2 Re8 40. Re2
Rxe2 41. Bxe2 Ne4 42. Bf3 Kh7 43. Ra2 Kg6 44. Bg4 Nf6 45. Bc8 Rc6 46. Bb7 Nxa5
47. Bxa5 Rc4 48. Rb2 Rxd4 49. Bc7 Rd1+ 50. Kf2 Ne4+ 51. Ke2 Nc3+ 52. Kf3 Rd3+
53. Kg4 d4 54. Rxb5 Nxb5 55. Be4+ Kh6 56. Bxd3 Nxc7 57. Kf5 Ne6 58. Ke5 g5 59.
f5 Nf4 60. Bc4 d3 61. Bxf7 d2 62. Bb3 Nd3+ 63. Kd6 Nf2 64. Ke7 Ne4 65. Bd1 Kg7
66. Bg4 Nf6 0-1